| 000 | 00957nam0a2200289 4500 | ||
|---|---|---|---|
| 001 | RU\NLR\bibl\1278241 | ||
| 005 | 20250615140323.0 | ||
| 010 |
_a978-591282-005-2 _95000 |
||
| 021 |
_aRU _b2008-60100 _93373 |
||
| 035 | _a(NLR Aleph) 001264044 | ||
| 090 |
_a397267 _c397267 |
||
| 100 | _a20080926d2008 |||y0rusy50 ca | ||
| 101 | 0 | _arus | |
| 102 | _aRU | ||
| 105 | _aa ||||||||| | ||
| 200 | 1 |
_aКто там? _e[для чтения взрослыми детям _fрис. и стихи О. Москвиной] |
|
| 210 |
_aРостов-на-Дону _cЛеда _cСлово _d2008 |
||
| 215 |
_a[6] с. _cцв. ил. _d22 |
||
| 225 | 1 | _aСерия "Для самых маленьких" | |
| 225 | 1 |
_aСолнышко _eв 80-и тт. _vт. 61 |
|
| 300 | _aАвт. указан в вып. дан. | ||
| 700 | 1 |
_aМосквина _bО. _4070 |
|
| 801 | 0 |
_aRU _bNLR _c20080926 _gRCR |
|
| 801 | 1 |
_aRU _bNLR _c20080926 |
|
| 942 | _cBOOK | ||
| 980 | _aNB | ||